02057nam a2200373 a 450000100100000000500170001000800410002702000240006802000240009202000240011604000250014008200110016524501730017625000120034926000400036130000330040149000260043450000650046050501400052559000260066570000380069170000340072970000330076371000570079683000330085395201140088695201140100095201080111495201140122295201080133695201140144495201080155899900170166600004719720201002053434.0180417s2017 dr abc 000 0 spa d a9789945195439 (v.1) a9789945194944 (v.2) a9789945118926 (v.3) aDO-SdBNPbspacBNPHU axxbxx00aCiencias de la naturaleza 3 :beducacion primaria /ctexto Ángela Segura de Óleo... [et. al] ; ilustración Ruddy Núñez ; dirección editorial Claudia Llibre. a2a. ed. aSanto Domingo :bSantillana,c2017. av. :bil. ;c29 cm.+eCD-ROM1 aProyecto todos juntos aActualización según el nuevo diseño curricular oficial0 av.1 :tLibro de textogv. 2 :tGuía de recursos didáctios : primer ciclo educacion primariagv. 3 :tCuaderno fichas de actividades aInventariado, 2018/VM1 aSegura de Óleo, Ángela9748791 aNúñez, Ruddyeils.9231711 aLlibre, Claudiaedir.9304622 aEditorial Santillana (República Dominicana)97490200aProyecto todos juntos930856 0010718PDaGRbGRcHDd2018-04-24iLF1l0ov. 3, e. 3p47197-30r2020-06-25w2020-06-25yLFPDZNo se presta 0010718PDaGRbGRcHDd2018-11-26iLF1l0ov. 2, e. 3p47197-60r2020-06-25w2020-06-25yLFPDZNo se presta 0010718PDaPDbPDcHDd2018-04-24iLF1l0ov. 1p47197-10r2020-06-25w2020-06-25yLFPDZNo se presta 0010718PDaPDbPDcHDd2018-04-24iLF1l0ov. 2, e. 2p47197-20r2020-06-25w2020-06-25yLFPDZNo se presta 0010718PDaPDbPDcHDd2018-11-26iLF1l0ov. 2p47197-40r2020-06-25w2020-06-25yLFPDZNo se presta 0010718PDaPDbPDcHDd2018-11-26iLF1l0ov. 3, e. 2p47197-50r2020-06-25w2020-06-25yLFPDZNo se presta 0010718PDaPDbPDcHDd2018-11-26iLF1l0ov. 3p47197-70r2020-06-25w2020-06-25yLFPDZNo se presta c46685d46685